000 00502nam a2200193 a 4500
001 1772709459330
003 YourLibrary
005 20260305165356.0
008 260305s2003##################000#0#eng##
020 _a9780375758942
082 0 4 _a327.1247
_bWIS
100 1 _aWise, David,
_eauthor.
245 1 0 _aSpy :
260 _bRandom House Trade Paperbacks,
_c2003.
300 _a346 pages
650 0 _aBiography & Autobiography.
942 _cENGLISH
040 _aYourLibrary
_beng
_cYourLibrary
999 _c617018
_d617018